| 000 | 01497cam a2200349 a 4500 | ||
|---|---|---|---|
| 999 |
_c128645 _d128645 |
||
| 001 | 11768072 | ||
| 003 | ARRUPE | ||
| 005 | 20181123125216.0 | ||
| 008 | 990723s1999 ilu 001 0 eng | ||
| 010 | _a 99042641 | ||
| 020 | _a0658000748 (pbk.) | ||
| 035 | _a(DLC) 99042641 | ||
| 040 |
_aDLC _cDLC _dDLC |
||
| 041 | 0 | _aengfre | |
| 042 | _apcc | ||
| 050 | 0 | 0 |
_aPC129.E5 _bS57 1999 |
| 082 | 0 | 0 |
_a448.2/421 _221 |
| 100 | 1 |
_aStillman, David M. _943634 |
|
| 245 | 1 | 4 |
_aThe ultimate French review and practice : _bmastering French grammar for confident communication / _cDavid M. Stillman, Ronni L. Gordon. |
| 260 |
_aLincolnwood, Ill. : _bPassport Books, _cc1999. |
||
| 300 |
_axii, 436 p. _c26 cm. |
||
| 500 | _aIncludes index. | ||
| 650 | 0 |
_aFrench language _vTextbooks for foreign speakers _xEnglish. _943635 |
|
| 650 | 0 |
_aFrench language _xGrammar. _920163 |
|
| 700 | 1 |
_aGordon, Ronni L. _943636 |
|
| 856 | 4 | 2 |
_3Publisher description _uhttp://www.loc.gov/catdir/description/mh023/99042641.html |
| 856 | 4 | 1 |
_3Table of contents only _uhttp://www.loc.gov/catdir/enhancements/fy0661/99042641-t.html |
| 856 | 4 | 2 |
_3Contributor biographical information _uhttp://www.loc.gov/catdir/enhancements/fy0735/99042641-b.html |
| 906 |
_a7 _bcbc _corignew _d1 _eocip _f19 _gy-gencatlg |
||
| 942 |
_2lcc _cMONOGRAPH |
||